01301nam a22002177a 450000500170000000800410001702000180005804000070007604100120008308200180009510000220011324500850013526000390022030000330025936500380029244000290033052006580035965000150101770000240103270000270105620230306165222.0230306b ||||| |||| 00| 0 eng d a9789351485193 cAL aEnglish 223a109bDESA aCyril Desbruslais aAncient Medieval and Modern Philosophy: A Historical Introduction 500 BC-1800 AD aPunebJnana Deepa Vidyapeethc2021 axiii,285 p.bPBc23x15.5 cm. a02302c₹d₹600.00f01-12-2022 aJDV Philosophy Series-17 aThis informative book gives an accurate and insightful overview of Western Philosophy starting from the Pre-Socratic Philosophers and leading to Immanuel Kant. The vision and understanding of the prominent philosophers are critically studied in terms of their understanding of the human person, world and God. This book studies the Ancient, Medieval and Modern philosophical schools and personalities. This creative venture is the fruit of about 60 years of enriching philosophical discussion with young scholars. It gives a bird’s eye-view of more than 2000 years of Western thought! A must for anyone interested in the history of Western philosophy. aPhilosophy aDESBRUSLAIS (Cyril) aMENDONCA (Valerian) Ed